[Event "Dortmund SuperGM 24th"]
[Site "Dortmund"]
[Date "1996.07.14"]
[Round "9"]
[White "Topalov, Veselin"]
[Black "Kramnik, Vladimir"]
[Result "1/2-1/2"]
[WhiteElo "2750"]
[BlackElo "2765"]
[Annotator "Lutz,C"]
[PlyCount "58"]
[EventDate "1996.07.05"]
[EventType "tourn"]
[EventRounds "9"]
[EventCountry "GER"]
[EventCategory "18"]
[SourceTitle "CBM 054"]
[Source "ChessBase"]
[SourceDate "1996.10.01"]
[SourceVersion "1"]
[SourceVersionDate "1996.10.01"]
[SourceQuality "1"]

1. d4 {Ftacnik Shirov Kramnik} d5 2. c4 c6 3. Nf3 Nf6 4. Nc3 e6 5. Bg5 dxc4 6.
e4 b5 7. e5 h6 8. Bh4 g5 9. Nxg5 hxg5 10. Bxg5 Nbd7 11. exf6 Bb7 12. g3 c5 13.
d5 Qb6 14. Bg2 O-O-O 15. O-O b4 16. Rb1 Qa6 17. dxe6 Bxg2 18. e7 Bxf1 19. Qd5 (
19. Kxf1 {Ftacnik}) 19... Bxe7 (19... Bh6 {führt gemäß Shirov zum Remis, man
vergleiche seine Anmerkungen zu Beliavsky,A-Shirov,A/EUcup f Ljubljana (03)/
CBM 51 1995 und Azmaiparashvili,Z-Shirov,A/Madrid (03)/CBM 53 1996.
Anscheinend sind Topalov und Kramnik da anderer Meinung.}) (19... Bh6 {Ftacnik}
20. exd8=Q+ (20. Bxh6 Bd3 21. Qa8+ (21. Ne4 $5 Bxe4 22. Qxe4 Rde8 23. Bg7 $1
Rh5 24. Rd1 Qb5 $1 {1/2-1/2 Beliavsky,A-Shirov,A/EUCup f Ljubljana (03)/1995/ 
(40)}) 21... Nb8 22. exd8=Q+ Rxd8 23. Re1 bxc3 24. Bf4 Qb6 (24... Qb7 25. Re7
$1 $18) 25. bxc3 Bf5 26. h4 Be6 (26... Qb7 27. Qxb7+ Kxb7 28. Re7+ Rd7 29. Bxb8
Kxb8 30. Rxd7 Bxd7 31. Kg2 {1/2-1/2 Azmaiparashvili,Z-Shirov,A/Madrid (03) ;
CBM 53_05 1996 (42)}) 27. Kh2 (27. h5 Bd5 28. Qxb8+ Qxb8 29. Bxb8 Kxb8 30. Re7
Rh8 31. Re5 Be6 32. f4 Kc7 $1 33. Rxc5+ Kd6 34. Ra5 Rh6 $13) 27... Rd7 28. h5
Rb7 29. Bxb8 (29. h6 Qb2 30. Kg1 Qxc3 31. Rxe6 $1 fxe6 32. Bxb8 Qf3 33. Bd6+
Kd7 34. Qxb7+ Qxb7 35. f7 $18) 29... Rxb8 30. Qe4 {Yermolinsky,A-Gurevich,D/
USA-ch (10)/1994/1-0 (63)}) 20... Kxd8 21. Ne4 Bh3 22. Nxc5 Be6 23. Nxe6+ fxe6
24. Qa8+ Qc8 25. Qxa7 Bxg5 26. Qa5+ Qc7 27. Qxg5 Qe5 $1 $10 {Yermolinsky,
A-Ivanchuk,V/Pinsk/1986/0,5/40/}) (19... Bd3 {Ftacnik} 20. Bf4 $3 Qb6 21. Na4
Qb5 22. exd8=Q+ Kxd8 23. Re1 $16) 20. fxe7 Bd3 (20... Rdg8 {Kasparov,G-Kramnik,
V (01)/New York PCA 25 (04)/CBM 41 1994 reicht nicht zum Ausgleich.}) (20...
Rdg8 {Ftacnik} 21. Ne4 Rg6 22. Rxf1 $2 (22. Qa8+ $1 Nb8 23. Rxf1 Qc6 24. Rd1 $3
Qxa8 25. Rd8+ Kc7 26. Bf4+ Kb6 27. Rxh8 Re6 28. e8=Q Rxe8 29. Rxe8 Qd5 30.
Rxb8+ Ka6 31. Nd2 $1 c3 32. bxc3 bxc3 33. Nb3 c4 34. Nc1 c2 35. h4 $18) 22...
Qc6 23. Qxc6+ Rxc6 24. Rd1 $2 Re8 25. Nd6+ Rxd6 26. Rxd6 f6 {1/2-1/2 Kasparov,
G-Kramnik,V (01)/New York PCA 25' (04)/1994/ (35)}) 21. Ne4 Bxb1 22. Nd6+ Kc7
23. Bf4 (23. exd8=Q+ Rxd8 24. Nxf7 Re8 25. Bf4+ Kb6 (25... Kc8 {Ftacnik} 26.
Qa8+ Nb8 27. Qxb8+ Kd7 28. Qc7+ Ke6 29. Ng5+ Kf5 30. Qd7+ $18) 26. Qd6+ Ka5 27.
Qxd7 {Mit klarem weißen Vorteil gemäß Shirov. Aber Kramnik gibt die folgende
Variante an:} Re1+ 28. Kg2 Be4+ 29. f3 Bc6 30. Qd8+ Ka4 31. Qd2 Ra1 $17) 23...
Kb6 24. Nxc4+ (24. exd8=Q+ {Ftacnik} Rxd8 25. Nxf7 Qc8 26. Qd6+ Ka5 (26... Kb5
27. Qd1 Qa6 28. Nxd8 $16) 27. Qc7+ Qxc7 28. Bxc7+ Ka4 29. Nxd8 Bxa2 $13) 24...
Kb5 25. Nd6+ Kb6 26. exd8=B+ Rxd8 27. Nc4+ (27. Nxf7 $5 Re8 28. Qd6+ Ka5 29.
Qc7+ (29. Qxd7 $2 {Ftacnik} Re1+ 30. Kg2 Qf1+ 31. Kf3 Qe2+ 32. Kg2 Be4+ 33. Kh3
Qh5#) 29... Qb6 30. Qxd7 Re1+ 31. Kg2 Ka6 $14 (31... Bxa2 $2 {Ftacnik} 32. Bc7
$18)) 27... Kb5 28. Nd6+ Kb6 29. Nc4+ Kb5 1/2-1/2

[Event "HUN-ch 54th"]
[Site "Budapest"]
[Date "2004.08.23"]
[Round "5"]
[White "Gyimesi, Zoltan"]
[Black "Horvath, Csaba"]
[Result "0-1"]
[WhiteElo "2618"]
[BlackElo "2546"]
[Annotator "Lutz,C"]
[PlyCount "76"]
[EventDate "2004.08.19"]
[EventType "tourn"]
[EventRounds "9"]
[EventCountry "HUN"]
[EventCategory "13"]
[SourceTitle "CBM 103"]
[Source "ChessBase"]
[SourceDate "2004.11.11"]
[SourceVersion "1"]
[SourceVersionDate "2004.11.11"]
[SourceQuality "1"]

1. d4 d5 2. c4 e6 3. Nf3 Nf6 4. Nc3 c6 5. Bg5 dxc4 6. e4 b5 7. a4 {Ein
seltenes Abspiel im Vergleich zur Hauptvariante 7.e5.} Qb6 {...und Schwarz
antwortet mit einem noch seltenerem Abspiel.} (7... Bb7 {ist die solideste
schwarze Option.} 8. axb5 (8. e5 h6 9. Bh4 g5 {ist aus schwarzer Sicht nicht
zu fürchten.}) 8... cxb5 9. Nxb5 Bxe4 10. Bxc4 Bb4+ 11. Nc3 O-O (11... Nbd7 12.
O-O Bxc3 13. bxc3 $14 {1-0 Gyimesi,Z-Vera,R/Yerevan 2001/CBM 86/[Lutz] (49)})
12. O-O Bb7 {...und es entsteht eine Isolani-Stellung, wobei nicht klar ist,
wer von dem Abtausch der Bauern am Damenflügel profitiert:} (12... Bxc3 13.
bxc3 Qc7 14. Bxf6 Qxc4 15. Nd2 Qc6 16. Nxe4 Qxe4 17. Re1 Qf5 18. Be7 Rc8 19.
Re5 Qg6 20. Rg5 Qe4 21. Bf6 g6 22. Qa4 $36 {1/2-1/2 Sokolov,I-Pinter,J/Lyon
1994/CBM 45 (37)}) 13. Ne5 (13. Qe2 Be7 14. Rfd1 Nbd7 15. d5 exd5 16. Nxd5 Bxd5
17. Bxd5 Nxd5 18. Rxd5 Bxg5 19. Nxg5 h6 20. Qd2 hxg5 21. Rxd7 Qf6 {1/2-1/2
Garcia Ilundain,D-Kramnik,V/Pamplona 1992/CBM 33 (21)}) 13... a5 (13... Be7 $6
14. Qb3 Qb6 15. Qxb6 axb6 16. Rxa8 Bxa8 17. Ra1 Bd5 18. Bb5 Rd8 19. Ra7 $16 {
1-0 Knaak,R-Mueller,K/Germany 1998/GER-chT/[RK] (40)}) 14. Rc1 Nc6 15. Bxf6
gxf6 16. Nxc6 Bxc6 17. d5 Bxc3 18. Rxc3 Bxd5 19. Rd3 Qc7 20. Bxd5 exd5 21. Rh3
f5 22. Qxd5 Qf4 23. Qd1 Ra6 24. Qh5 h6 25. Rf3 Qe5 26. Rxf5 Qxb2 27. Rxa5 Rxa5
28. Qxa5 Rc8 $14 {Ribli,Z-Chernin,A/Hungary 1996/EXT 2000 (31)}) 8. Bxf6 gxf6
9. Be2 {Weiß spielt also ein echtes Gambit, da er den Bauern vorerst nicht
wiedersehen wird. Aber dafür hat er Entwicklungsvorsprung, Zentrumskontrolle
und der schwarze Königsflüegel ist zerstört. Eine der ersten Partien zu diesem
Komplex war die berühmte Partie Tal-Keller (Zuerich 1959), die gewisse Zweifel
an der schwarzen Stellung aufkommen ließ. Allerdings ist die Variante alles
andere als klar.} Bb7 (9... Nd7 {oder}) (9... a6 {sind Alternativen, die
jedoch keine Vorteile gegenüber dem Textzug bieten.}) 10. O-O a6 (10... Nd7 11.
a5 $5 (11. d5 $6 cxd5 12. exd5 b4 13. a5 Qa6 14. dxe6 fxe6 15. Na4 Rg8 16. Qc2
O-O-O 17. Rfc1 Kb8 18. Ne1 Ne5 19. Qxh7 Bd6 20. Qh3 Qc6 21. f4 Ng6 {0-1
Eingorn,V-Dolmatov,S/Kharkov 1985/MCL (21)}) (11. axb5 $5 cxb5 12. b3 b4 13.
Na4 Qc7 14. Bxc4 Bxe4 15. d5 $36) 11... Qc7 12. a6 Bc8 13. d5 b4 (13... Bc5 14.
b3 b4 15. Na4 c3 16. Nxc5 Nxc5 17. Qd4 Nxb3 18. Qxf6 Rg8 19. Rab1 Nd2 20. Nxd2
cxd2 21. Rxb4 cxd5 22. Bb5+ Kf8 23. exd5 exd5 24. Rd4 Rb8 25. Qh6+ Rg7 26. Rxd5
Bg4 27. Rg5 f6 28. Qxf6+ Kg8 29. Bc4+ Kh8 30. Rxg4 Re8 31. Rxg7 Qxg7 32. Qxg7+
Kxg7 33. Bb3 Re1 34. f3 Kf6 35. Kf2 {1-0 Lutz,C-Hansen,C/Tilburg 1993/CBM 39 
(35)}) 14. dxe6 fxe6 15. Nb1 Nc5 16. Bxc4 Be7 17. Nd4 O-O 18. Nd2 Kh8 19. Qh5
Bd7 20. N2b3 e5 21. Nxc5 Bxc5 22. Nf3 Be8 23. Qh3 Rd8 24. Rad1 Bg6 25. Nh4 Bxe4
26. Rde1 Bc2 27. Re2 b3 28. Rxc2 bxc2 29. Ng6+ Kg7 30. Nxf8 Kxf8 31. Qf5 Qg7
32. Qxc2 Bb6 33. g3 Qg6 34. Qe2 Rd4 35. Kg2 Qe4+ 36. Qxe4 Rxe4 37. b3 Rd4 38.
Re1 Rd2 {1/2-1/2 Hillarp Persson,T-Agrest,E/Gothenburg 2004/CBM 101 ext (38)})
(10... Bg7 {Clarke} 11. axb5 cxb5 12. b3 b4 13. Na4 Qc7 14. Bxc4 Bxe4 15. d5
$36) (10... Bb4 $5) 11. d5 (11. b3 b4 12. a5 Qc7 13. Na4 c3 14. Nb6 Ra7 $13 {
1/2-1/2 Comas Fabrego,L-Korneev,O/Cala Galdana 1999/EXT 2000 (22)}) 11... Nd7 (
11... cxd5 $5 $13 {1-0 Tal,M-Keller,D/Zuerich 1959/MCL/[Bulletin] (34)}) (11...
b4 $2 {Bulletin} 12. dxe6 bxc3 13. exf7+ Kxf7 14. Bxc4+ Ke8 15. bxc3 Nd7 16.
Rb1 Qc7 17. Nd4 $18) (11... Bc5 $5 $13 {Ragozin-Szily/Moskau-Budapest/1949})
12. b3 $6 $146 {Das erscheint nicht wie der beste Zug. Allerdings ist die
Stellung äußerst unklar.} (12. Nd4 Rd8 (12... cxd5 13. exd5 Bc5 14. dxe6 fxe6
15. Bf3 Bxd4 16. Bxb7 Rd8 17. Bc6 O-O 18. Bxd7 Rxd7 19. Qe2 Kh8 20. axb5 axb5
21. h4 Qc6 22. Kh2 Rg7 23. g3 f5 24. Qd2 e5 25. Ne2 Rd8 26. Qc2 f4 27. Nxd4
exd4 28. Qf5 Qf3 29. Qxf4 Qxf4 30. gxf4 d3 {0-1 Campos,J-Antunes,A/Mondariz
1996/EXT 98 (30)}) 13. Nxe6 Rc8 14. dxc6 Bxc6 15. Nd4 Bc5 16. Nxc6 Qxc6 17.
axb5 axb5 18. Bg4 Rd8 19. Bxd7+ Rxd7 20. Nd5 Kf8 21. Qh5 h6 22. Nxf6 Rd2 23. e5
Be7 24. Qf5 Bxf6 25. exf6 Rd6 26. Qc5 Kg8 27. Ra8+ Qxa8 28. Qxd6 Kh7 29. Qd7
Kg6 30. Qxb5 Qb8 31. Qxc4 Qxb2 32. Qe4+ Kxf6 33. Rb1 Qc3 34. h3 Kg7 35. Rd1 Qf6
36. Rd3 Rf8 37. Rf3 Qd6 38. Qf5 Qd1+ 39. Kh2 Qd6+ 40. Rg3+ Kh8 41. f4 Qd4 42.
Rg4 Qd6 43. Kg3 Qe7 44. Kh2 Qd6 45. Kg3 Qd4 {1/2-1/2 Gelashvili,T-Graf,A/Aghia
Pelagia 2004/CBM 101 ext (45)}) (12. dxe6 {Bulletin} fxe6 13. Nd4 c5 14. Bh5+
Ke7 15. Nde2 Rg8 $17) (12. dxc6 Bxc6 13. axb5 axb5 14. Rxa8+ Bxa8 15. Nd4 Bc6
$15) 12... cxd5 13. exd5 b4 14. a5 Qd6 $17 15. dxe6 fxe6 16. Na4 c3 17. Bc4
Qxd1 {Mit dem Damentausch ist klar, dass Weiß in Problemen ist, denn Schwarz
hat einen riesigen Freibauern auf c3.} 18. Rfxd1 Bxf3 19. gxf3 Bh6 20. Bxe6 Ne5
21. Bd5 Rc8 22. f4 Bxf4 23. Rd4 Bd2 24. Kg2 Ke7 25. f4 Ng6 26. Kf3 Rhd8 27. f5
Ne5+ 28. Ke4 Bg5 29. h4 Bh6 30. Nb6 Rc5 31. Bb7 c2 32. Nd5+ Kf7 33. Nxb4 Rxd4+
34. Kxd4 c1=Q 35. Rxc1 Rxc1 36. Nxa6 Bd2 37. Bd5+ Ke7 38. b4 Kd6 0-1

[Event "NED-ch60"]
[Site "Leeuwarden"]
[Date "2005.09.13"]
[Round "6"]
[White "Van Wely, Loek"]
[Black "L'Ami, Erwin"]
[Result "1/2-1/2"]
[WhiteElo "2655"]
[BlackElo "2519"]
[Annotator "Lutz,C"]
[PlyCount "73"]
[EventDate "2005.09.06"]
[EventType "tourn"]
[EventRounds "9"]
[EventCountry "NED"]
[EventCategory "13"]
[SourceTitle "CBM 110"]
[Source "ChessBase"]
[SourceDate "2006.01.31"]
[SourceVersion "1"]
[SourceVersionDate "2006.01.31"]
[SourceQuality "1"]

1. d4 d5 2. c4 c6 3. Nf3 Nf6 4. Nc3 e6 5. Bg5 dxc4 6. e4 b5 7. e5 h6 8. Bh4 g5
9. Nxg5 hxg5 10. Bxg5 Nbd7 11. exf6 Bb7 12. g3 c5 13. d5 Nxf6 14. Bg2 Bh6 $5 {
Ivanchuks Idee} 15. Bxh6 {Mir erscheint dieser Zug nicht besonders kritisch.
Vermutlich ist Kasparovs 15.Lxf6!? der Knackpunkt der Variante.} (15. f4 Bxg5
16. fxg5 Nxd5 17. Qd2 Qb6 18. O-O Nxc3 19. Qxc3 O-O-O 20. Rxf7 Bxg2 21. Kxg2
Qc6+ 22. Kg1 Rhg8 23. Qe3 Rd3 {1/2-1/2 Lisanti,M-Limpert,M/Germany 2003/EXT
2004 (23)}) (15. Bxf6 $5 {Dieser Zug muß der kritische sein.} Qxf6 16. O-O
O-O-O 17. Nxb5 exd5 (17... a6 $5 18. Nc3 exd5 19. Qa4 Bg7 20. Qa5 Qd6 21. Rad1
Bd4 22. Ne2 Be5 23. h4 Qc7 24. Qa3 Kb8 25. b4 cxb4 26. Qxb4 f5 27. Rxd5 Rxd5
28. Bxd5 Rd8 29. Bxb7 Qxb7 30. Qxc4 Rc8 31. Qd3 {1-0 Beliavsky,A-Serna Lara,S/
Villarrobledo 2001/EXT 2002 (31)}) 18. Nxa7+ Kb8 19. Nb5 Bg5 (19... Bg7 20. a4
Qh6 21. h4 Bf6 22. Qe1 $1 Bxh4 23. Qa5 $40 {1-0 Kasparov,G-Ivanchuk,V/Linares
1994 (38)} Be7 24. Qc7+ Ka8 25. Qa5+ Kb8 26. Qc7+ Ka8 27. Rfe1 $18 {Kasparov,
G-Ivanchuk,V/Linares/1994/1|0/39/}) (19... Qxb2 20. Qa4 $40) (19... d4 20. Qa4
$1 $16) (19... Bf4 $5) 20. Qe1 $1 $40 {1/2-1/2 Ionov,S-Popov,V/St Petersburg
1997/CBM 58/[Lutz] (35) Die Dame schielt nach a5.}) 15... Rxh6 16. Nxb5 (16.
O-O b4 17. Qa4+ (17. Na4 Bxd5 18. Nxc5 Qb6 $13) 17... Kf8 18. Ne2 exd5 19. Nf4
Nh5 20. Nxh5 Rxh5 21. Rfe1 Qc7 22. Qc2 Kg7 23. Qe2 Rh6 24. Rad1 Rd8 25. h4 a5
26. h5 Kf8 27. g4 Rf6 28. Qe3 Ba8 29. h6 d4 30. Qg5 Rg6 31. Qh4 Qd6 32. h7 Kg7
33. Bxa8 Rxa8 34. Re4 Rh8 35. Re7 Qf4 {0-1 Jobava,B-Popov,V/St Petersburg 1998/
EXT 99 (35)}) (16. Qd2 Rh5 17. O-O-O (17. Qe2 b4 18. Nd1 Bxd5 19. Bxd5 Qxd5 20.
O-O Qd3 21. Re1 O-O-O 22. Ne3 Qxe2 23. Rxe2 c3 24. bxc3 bxc3 25. Rc2 Rd3 26.
Rd1 Rxd1+ 27. Nxd1 Nd5 28. Nxc3 Nxc3 29. Rxc3 Kb7 30. g4 Rg5 31. f3 Kc6 32. h4
Rd5 33. h5 Rd1+ 34. Kg2 Rd2+ 35. Kg3 Rxa2 36. h6 Rd2 37. Ra3 c4 38. Rxa7 Rd8
39. Kf2 Kb6 40. Ra1 Kc5 41. Rc1 Kb4 42. Rb1+ Ka3 43. Rb7 c3 44. Rxf7 Rc8 45.
Rg7 Kb2 46. Rd7 c2 47. Rd2 Kc3 48. Rxc2+ Kxc2 49. g5 Rh8 50. Ke3 Kd1 51. f4 Ke1
52. Kf3 Kd2 53. Kg4 Ke3 54. Kh5 Kxf4 55. g6 Ra8 56. g7 Kf5 57. h7 Ra1 58. Kh4
Kf4 59. Kh3 Kf3 60. Kh2 Ra2+ 61. Kg1 Ra1+ {1/2-1/2 Cordova,E-Martinovic,S/
Belfort 2005/CBM 107 ext (61)}) (17. Nxb5 Re5+ 18. Kf1 Nxd5 19. Rd1 Qb6 20. Nc3
O-O-O 21. Nxd5 Rdxd5 22. Bxd5 Rxd5 23. Qc2 Rxd1+ 24. Qxd1 Bxh1 25. Qc2 Qd6 26.
h4 Bf3 {0-1 Ahling,M-Wellmann,B/Recklinghausen 1994/EXT 2001 (26)}) 17... b4
18. Ne4 Bxd5 19. Qe2 Re5 20. Rhe1 Nxe4 21. f4 c3 22. b3 Qa5 23. fxe5 Qa3+ 24.
Kb1 c4 25. Rxd5 exd5 26. Bxe4 dxe4 27. e6 Rd8 28. exf7+ Kf8 29. Qf2 e3 {
0-1 Jelen,I-Ivanisevic,I/Ljubljana 2005/CBM 107 ext (29)}) 16... Bxd5 (16...
Qa5+ 17. Nc3 exd5 $13) 17. O-O Qb6 $146 (17... Ke7 18. Qc1 Bxg2 $13 {0-1
Sherbakov,R-Korneev,O/Elista 1996/CBM 56/[Lutz] (36)}) (17... Rb8 $5 18. Nc3
Bxg2 19. Kxg2 Rxb2 20. Qf3 Nd5 21. Rad1 Qf6 22. Qe4 $132 {Van Der Sterren,
P-Kuijf,H/Wijk aan Zee/1983/1|0/73/}) 18. Nc3 Bxg2 19. Kxg2 Qc6+ 20. Kg1 (20.
f3 $2 Ng4) 20... Ke7 {Mit der Drohung ...Rxh2, so dass Weiß dennoch zu f2-f3
gezwungen ist.} 21. f3 Rd8 22. Qe2 Rd3 {Schwarz hat die schlechtere
Bauernstruktur, aber die aktiveren Figuren.} 23. Rad1 Qd6 24. Rxd3 cxd3 25. Qe3
Qd4 26. Qxd4 cxd4 27. Nb5 e5 28. Rd1 Nd5 29. Rxd3 Rb6 (29... a6 $5 30. Na3 Ne3
31. f4 f6 32. Nb1 Rh8 $44) 30. Rb3 a6 31. Nc7 {Leitet in ein remisliches
Bauernendspiel über.} (31. Na3 Rxb3 32. axb3 f5 33. Nc4 e4 $36) 31... Rxb3 32.
Nxd5+ Kd6 33. axb3 Kxd5 34. h4 (34. g4 $6 e4 35. fxe4+ Kxe4 36. h4 (36. Kf2 Kd3
37. h4 Kc2 $15) 36... Kf3 37. h5 d3 $19) 34... f5 35. h5 (35. g4 fxg4 36. fxg4
Ke6 $11) 35... Ke6 36. g4 fxg4 37. fxg4 {Beide Seiten müssen auf die
gegnerischen Freibauern aufpassen, daher ist die Stellung unentschieden.}
1/2-1/2

[Event "Bundesliga 0506"]
[Site "Germany"]
[Date "2006.03.12"]
[Round "13.2"]
[White "Kempinski, Robert"]
[Black "Van Wely, Loek"]
[Result "1/2-1/2"]
[WhiteElo "2619"]
[BlackElo "2648"]
[Annotator "Lutz,C"]
[PlyCount "58"]
[EventDate "2005.10.21"]
[EventType "team-tourn"]
[EventRounds "15"]
[EventCountry "GER"]
[SourceTitle "CBM 112"]
[Source "ChessBase"]
[SourceDate "2006.06.07"]
[SourceVersion "1"]
[SourceVersionDate "2006.06.07"]
[SourceQuality "1"]
[WhiteTeam "Hamburger SK"]
[BlackTeam "Porz"]
[WhiteTeamCountry "GER"]
[BlackTeamCountry "GER"]

1. d4 Nf6 2. c4 e6 3. Nf3 d5 4. Nc3 dxc4 5. e4 Bb4 6. Bg5 b5 7. a4 c6 8. e5 h6
9. Bh4 $6 {Kempinski ist experimentierfreudig, hätte aber wohl doch besser die
Hauptfortsetzung 9.exf6 gespielt. Aufgrund des gefesselten Springers c3 kann
Schwarz die Initative übernehmen.} (9. exf6) 9... g5 10. Nxg5 (10. exf6 gxh4
11. Ne5 c5 $5 (11... Bb7 12. Be2 c5 13. Bf3 Bxf3 14. Qxf3 cxd4 15. Qxa8 dxc3
16. O-O cxb2 17. Rad1 Qc7 18. Nc6 Bd6 19. Nxb8 O-O 20. Qf3 Rxb8 21. Qg4+ Kf8
22. Rfe1 Rb6 23. a5 Rc6 24. Qxh4 c3 25. Qxh6+ Ke8 26. Qh5 c2 27. Rxe6+ Kd7 28.
Re7+ Kc8 29. Qf5+ Kd8 30. Rde1 Bxe7 31. fxe7+ Qxe7 32. Qd5+ Qd7 33. Qg5+ Kc8
34. Qg8+ Kb7 35. a6+ Kxa6 {0-1 Ristic,N-Savanovic,A/Ulcinj 1997/EXT 99 (35)})
12. Qh5 (12. Qf3 cxd4 13. O-O-O Qc7 $13) 12... Qxf6 13. O-O-O a6 14. Be2 Nd7
15. Bf3 cxd4 $1 16. Nxd7 Bxd7 17. Bxa8 Bxc3 (17... dxc3 $5 {Ftacnik} 18. Be4)
18. bxc3 d3 $1 19. Rxd3 (19. Kb2 {Ftacnik} b4 20. Rc1 Qxf2+ 21. Ka1 b3 $19)
19... cxd3 20. Qc5 Qf4+ 21. Kb2 Qxa4 22. Bf3 Qc2+ 23. Ka1 d2 24. Rb1 Rg8 25.
Qd4 Rg5 26. Rb2 Qc1+ 27. Ka2 Rd5 {Ftacnik. 0-1 Ubilava,E-Shirov,A/Daugavpils
1989/CBM 016/[Ftacnik] (27)}) 10... Qa5 $1 $146 {Danach hat Schwarz schon
mindestens ein Unentschieden sicher.} (10... hxg5 11. Bxg5 Bxc3+ 12. bxc3 Qa5
13. exf6 Qxc3+ 14. Bd2 Qxd4 15. Rc1 Nd7 16. Qf3 Qd5 17. Qa3 Qc5 18. Bb4 Qe5+
19. Be2 c5 20. Bc3 Qe4 21. axb5 Qxg2 {1/2-1/2 Tal,M-Yakovich,Y/Sochi 1986/MCL 
(21)}) (10... Nd5 11. Qh5 Qc7 12. Nge4 Nd7 13. Be2 Bb7 14. O-O Nf4 15. Qg4 Ng6
16. axb5 h5 17. Qg3 Kf8 18. Bg5 h4 19. Qe3 cxb5 20. Bf3 a6 21. Nf6 Bxc3 22.
bxc3 Nxf6 23. Bxf6 Rg8 24. Qh6+ Ke8 25. Qh7 Ne7 26. Bxb7 Qxb7 27. f3 h3 28. g3
Rg6 29. Bxe7 Kxe7 30. Qh4+ Kd7 31. Qxh3 Qd5 32. Ra5 Kc6 33. Qg2 Kb7 34. Rfa1 f6
35. Qc2 Qxf3 36. Qxg6 Qe3+ 37. Kf1 Qf3+ 38. Ke1 fxe5 39. Qg7+ Kb6 40. Qxe5 Qh1+
41. Kd2 Qxh2+ 42. Qe2 Qh6+ 43. Kc2 Qf6 {1-0 Biyiasas,P-Christiansen,L/Lone
Pine 1977/MCD (43)}) (10... Bxc3+ $5 11. bxc3 Qa5 12. exf6 (12. Nxf7 $5 {
führt zur Hauptpartie.}) 12... Qxc3+ 13. Ke2 hxg5 14. Bxg5 e5 15. Be3 Bf5 16.
Rc1 Bd3+ 17. Kf3 e4+ 18. Kf4 Qb4 19. Bxd3 exd3 20. h4 Qd6+ 21. Kg4 Nd7 22. Bg5
Qxd4+ 23. f4 O-O-O 24. axb5 cxb5 25. Qd2 Nc5 26. Qa5 Qd7+ 27. f5 Qc6 28. g3
Qe4+ 29. Bf4 Rdg8+ 30. Kh3 Rxh4+ 31. Kxh4 Rh8+ 32. Kg4 Qe2+ 33. Kg5 Ne4# {
0-1 Olesen,N-Jensen,J/Aarhus 1998/EXT 2000 (33)}) 11. Nxf7 Bxc3+ 12. bxc3 Qxc3+
13. Ke2 Nd5 {Mit der Drohung ...Nf4 matt!} 14. Nd6+ Kd7 15. Bg3 Qb2+ 16. Ke1
Qc3+ 17. Ke2 h5 18. h4 Qb2+ 19. Ke1 Qc3+ 20. Ke2 Rg8 {Nachdem Schwarz den
weißen h-Bauern vorgelockt hat, droht nun ...Rxg3.} 21. Qb1 $1 {Weiß ist auf
der Höhe und findet die einzige Fortsetzung, um im Spiel zu bleiben.} Rxg3 22.
Qh7+ Ne7 23. fxg3 Qxa1 $6 (23... Qb2+ $5 {ist vielleicht genauer, aber ob
Schwarz gewinnen kann, ist auch dann fraglich.} 24. Kf3 (24. Ke3 Qxa1 25. Qf7 (
25. Qxh5 Nd5+ $19) 25... Qc3+ 26. Ke4 Qc2+ 27. Ke3 Qg6 28. Qxg6 Nxg6 29. g4
hxg4 30. h5 Nf8 31. h6 $13) 24... Qxa1 25. Qxh5 (25. Qf7 Qc3+ 26. Ke2) 25...
Qxd4 (25... Qd1+ 26. Be2 Qxh1 27. Qe8+ Kc7 28. Qxe7+ Nd7 29. axb5 $13) 26. Qe8+
Kc7 27. Qxe7+ Nd7 $13) 24. Qxh5 Qb2+ {Schwarz ist gut beraten, nun Dauerschach
zu geben.} (24... Qxd4 25. Qe8+ Kc7 26. Qxe7+ Bd7 27. Nf7 {ist riskant für
Schwarz.}) 25. Kf3 Qc3+ 26. Ke4 Qb2 27. Kf3 Qc3+ 28. Ke4 Qc2+ 29. Kf3 Qc3+
1/2-1/2